Zaibatsu : The rise and fall of family enterprise groups in Japan
Guardado en:
| Autor principal: | |
|---|---|
| Formato: | Libro |
| Lenguaje: | Undetermined |
| Publicado: |
Tokyo
University of Tokyo Press
1992
|
| Materias: | |
| Etiquetas: |
Agregar Etiqueta
Sin Etiquetas, Sea el primero en etiquetar este registro!
|
| Thư viện lưu trữ: | Trung tâm Học liệu Trường Đại học Cần Thơ |
|---|
| LEADER | 00597nam a2200217Ia 4500 | ||
|---|---|---|---|
| 001 | CTU_98311 | ||
| 008 | 210402s9999 xx 000 0 und d | ||
| 082 | |a 338.8 | ||
| 082 | |b M854 | ||
| 100 | |a Hidemasa, Morikawa | ||
| 245 | 0 | |a Zaibatsu : | |
| 245 | 4 | |b The rise and fall of family enterprise groups in Japan | |
| 245 | 0 | |c Hidemasa Morikawa, Alfred D. Chandler | |
| 260 | |a Tokyo | ||
| 260 | |b University of Tokyo Press | ||
| 260 | |c 1992 | ||
| 650 | |a Industries | ||
| 650 | |x History | ||
| 650 | |z Japan | ||
| 904 | |i Hiếu | ||
| 980 | |a Trung tâm Học liệu Trường Đại học Cần Thơ | ||